Mythical places - Statistics

General Stats
  • This quiz has been taken 21 times
  • The average score is 7 of 22
Answer Stats
Hint Answer % Correct
A big city underwater Atlantis
95%
Where Adam and Eve lived Eden
90%
Where greek gods met Olympus
90%
The Paradise according to nordic mythology Valhalla
70%
King Arthur's Castle Camelot
65%
Legendary city searched for the conquerors El Dorado
65%
Biblical cities that were destroyed Sodom and Gomorrah
50%
Home of nordic gods Asgard
40%
The Paradise according to greek mythology Elysian fields
20%
The Hell according to greek mythology Tartarus
20%
Where Excalibur was forged Avalon
15%
Scottish village that appears once in 100 years Brigadoon
15%
Region supposed to be located inside the Earth Agartha
5%
King Arthur's Kingdom Lyonesse
5%
Mythical kingdom hidden in the Himalayas Shambhala
5%
Ghost island located in the Gulf of Mexico Bermeja Island
0%
City full of wealthness somewhere in Patagonia City of the Caesars
0%
Lost city in the arabian peninsula Iram of the Pillars
0%
Pirate paradise supposed to be located in Africa Libertalia
0%
Advanced civilization once located in the east of Brazil Lost City of Z
0%
Legendary kingdom located in the Amazonian jungle Paititi
0%
Oasis supposed to be in the west of Nile river Zerzura
0%
No matching quizzes found
Score Distribution
Percent of People with Each Score
Percentile by Number Answered
Your Score History
You have not taken this quiz